| 000 | 00419nam a2200157 i 4500 | ||
|---|---|---|---|
| 001 | 129572 | ||
| 003 | ES-MaACL | ||
| 005 | 20230906193528.0 | ||
| 007 | t| | ||
| 008 | 070626s1908 fr ||||1| fre d | ||
| 100 | 1 |
_aThierry, Albert. _9109948 |
|
| 245 | 1 | 2 |
_aL'homme en proie aux enfants / _cAlbert Thierry. |
| 260 |
_aParis, _c[1908] ( _fJulien Cremieu) |
||
| 300 |
_a214 p. ; _c19 cm. |
||
| 852 |
_aES-MaACL _jF-11202 |
||
| 999 |
_c129572 _d129572 |
||